01005nam a2200277 a 4500001001000000003000900010005001700019007000300036008004100039040002500080082002500105100003300130245009900163260003500262300002000297500006300317590002700380650002500407650002700432700003600459700004400495910003700539942001400576952012000590999001700710000039332DO-SdBNP20230411134953.0ta130624s1993 dr 000 0 spa d aDO-SdBNPbspacBNPHU 4aRD861.44 bS113p2221 aSaba, Ramón,d1948-95528410aPor fin las amapolas! /cRamón Saba ; prólogo Víctor Villegas, Radhames Reyes Vásquez. aSanto Domingo :bGolfo,c1993. a32 p. ;c22 cm. aIncluye datos biográficos del autor en la contracubierta aInventariado, 2019/ YL 4aPoesía dominicana  4aLiteratura dominicana 1 aVillegas, Víctoreprol.977441 aReyes Vásquez, Radhameseprol.965528 aValidado. Control de calidad MFF 2ddccLBS1 00102ddc51708PDaBNPHUbBNPHUcHDd2013-06-24oBNPHU PD RD861.44 S113pp39332-10r2020-06-25w2020-06-25yLBS1 c38822d38822